| 000 | 00539nam a22001697a 4500 | ||
|---|---|---|---|
| 003 | MACL | ||
| 005 | 20160405154046.0 | ||
| 008 | 160405b xxu||||| |||| 00| 0 eng d | ||
| 040 | _cMACL | ||
| 041 | _aHindi | ||
| 082 | _a403 | ||
| 100 |
_aगोपीनाथ श्रीवास्तव _949431 |
||
| 245 | _aसामयिक प्रशासनिक कोश | ||
| 260 |
_aदिल्ली _bसामयिक प्रकाशन _c2010 |
||
| 650 |
_aभाषा विज्ञान _950429 |
||
| 942 |
_2ddc _cHIN |
||
| 999 |
_c53719 _d53719 |
||